ბათუმის შოთა რუსთაველის სახელმწიფო უნივერსიტეტის ბიბლიოთეკა

ქრისტიანობა დასავლეთ საქართველოში (I-X საუკუნეები) / (ბიბ.ჩანაწერი № 56169)

000 -ლიდერი
ფიქსირებული სიგრძის საკონტროლო ველი 01350nam a2200265Ia 4500
001 - საკონტროლო ნომერი
საკონტროლო ველი 23270
003 - საკონტროლო ნომრის იდენტიფიკატორი
საკონტროლო ველი GE_BSU
005 - ბოლო ოპერაციის თარიღი და დრო
საკონტროლო ველი 20251114194522.0
008 - ფიქსირებული სიგრძის მონაცემთა ელემენტები - ზოგადი ინფორმაცია
ფიქსირებული სიგრძის საკონტროლო ველი 181216s2001||||ge |||||||||||||| ||geo||
020 ## - წიგნის საერთაშორისო სტანდარტული ნომერი
International Standard Book Number 9992884827
040 ## - კატალოგიზაციის წყარო
Transcribing agency GE_BSU
041 ## - ენის კოდი
Language code of text/sound track or separate title geo
080 ## - უნივერსალური ათობითი კლასიფიკაციის ინდექსი
Universal Decimal Classification number 27-9(479.22) დ-44
100 ## - მთავარი ჩანაწერი - პიროვნების სახელი
Personal name დიასამიძე, ბიჭიკო
9 (RLIN) 26234
245 ## - ცნობა სათაურის შესახებ
Title ქრისტიანობა დასავლეთ საქართველოში (I-X საუკუნეები) /
Statement of responsibility, etc ბიჭიკო დიასამიძე ; [რედ.: გურამ ლორთქიფანიძე].
264 ## - წარმოების, გამოცემის, დისტრიბუციის და სხვა ცნობები
გამოცემის, წარმოების, დისტრიბუციის... ადგილი ბათუმი :
გამოცემის, წარმოების, დისტრიბუციის... სახელწოდება აჭარა,
გამოცემის, წარმოების, დისტრიბუციის... თარიღი 2001.
300 ## - ფიზიკური აღწერა
Extent 268 გვ. :
Other physical details რუკ. ;
Dimensions 20სმ.
504 ## - BIBLIOGRAPHY, ETC. NOTE
Bibliography, etc ბიბლიოგრ.: გვ. 252-265
520 ## - SUMMARY, ETC.
Summary, etc რეზიუმე რუსულ და ინგლისურ ენენებზე
653 ## - INDEX TERM--UNCONTROLLED
Uncontrolled term ქრისტიანობა დასავლეთ საქართველოში (I-X საუკუნეები
653 ## - INDEX TERM--UNCONTROLLED
Uncontrolled term ქრისტიანობის ისტორია დასავლეთ საქართველოში
700 ## - ADDED ENTRY--PERSONAL NAME
Personal name ლორთქიფანიძე, გურამ
Relator term რედაქტორი
9 (RLIN) 26235
942 ## - ADDED ENTRY ELEMENTS (KOHA)
Koha item type წიგნი
Source of classification or shelving scheme
ეგზემპლარები
ჩამოწერის სტატუსი დაკარგული ეგზემპლარის სტატუსი კლასიფიკაციის წყარო ან თაროზე გაწყობის სქემა დაზიანების სტატუსი არ გაიცემა მუდმივი მდებარეობა (დაცვის ადგილი) ამჟამინდელი ადგილსამყოფელი თაროზე განთავსების ადგილი შეძენის თარიღი ღირებულება, შესყიდვის ნორმალური ფასი სრული შენახვის შიფრი შტრიხკოდი ბოლო ოპერაციის თარიღი ეგზემპლარის მიმდევრობითი ნომერი (კეტერი?) ფასის ძალაში შესვლის თარიღი ეგზემპლარის სახეობა საჯარო შენიშვნა
          ბათუმის შოთა რუსთაველის სახელმწიფო უნივერსიტეტის მთავარი ბიბლიოთეკა ბათუმის შოთა რუსთაველის სახელმწიფო უნივერსიტეტის მთავარი ბიბლიოთეკა წიგნსაცავი 2018-12-17 5.00 27-9(479.22) დ-44 28242 2018-12-17 28242 2018-12-17 წიგნი 5.00 ₾.